000 00219nam a22000857a 4500
008 161116b xxu||||| |||| 00| 0 eng d
100 _91237
_aBPI India
245 _aMy Good Friend Kajaki
260 _aNew Delhi
_bBPI India
_c2011
999 _c3942
_d3942